Socialismo o Barbarie:
Describe como la crisis capitalista ha dejado al mundo a las puertas de un cambio de época. Son las mismas bases de sustentación del sistema en crisis, puestas en cuestión. Este verdadero ataque al corazón del sistema es lo que ya ha abierto una nueva situación mundial; no hay rincón del planeta qu...
Furkejuvvon:
| Materiálatiipa: | Girji |
|---|---|
| Giella: | Spanish |
| Almmustuhtton: |
Argentina:
Grupo Socialismo o Barbarie,
noviembre 2008
|
| Fáttát: | |
| Liŋkkat: | texto completo desde el sitio de la revista |
| Fáddágilkorat: |
Lasit fáddágilkoriid
Eai fáddágilkorat, Lasit vuosttaš fáddágilkora!
|
MARC
| LEADER | 00000nam a22000007a 4500 | ||
|---|---|---|---|
| 003 | cru CIDCACS/IIS | ||
| 005 | 20220317062546.0 | ||
| 008 | 200305s2008 ag |||||r|||||0|| ||spa|d | ||
| 999 | |c 42297 |d 42297 | ||
| 022 | |2 166682998 | ||
| 040 | |c cru CIDCACS/IIS | ||
| 090 | |a 03.03.01 S678s | ||
| 245 | |a Socialismo o Barbarie: |c Revista internacional de teoría y política de la corriente Socialismo o Barbarie | ||
| 260 | |a Argentina: |b Grupo Socialismo o Barbarie, |c noviembre 2008 | ||
| 300 | |a 285 páginas: |b tablas | ||
| 500 | |a Revista Volumen 7, número 22, 2008 | ||
| 520 | |a Describe como la crisis capitalista ha dejado al mundo a las puertas de un cambio de época. Son las mismas bases de sustentación del sistema en crisis, puestas en cuestión. Este verdadero ataque al corazón del sistema es lo que ya ha abierto una nueva situación mundial; no hay rincón del planeta que más allá de las desigualdades pueda escapar a sus consecuencias. El fin de esta literatura es el análisis, desarrollo y respuesta socialista revolucionaria a la crisis en curso. | ||
| 650 | 0 | |9 5202 |a CAPITALISMO TRANSNACIONAL | |
| 650 | 0 | |9 2097 |a SOCIALISMO | |
| 650 | 0 | |9 4401 |a CRISIS ESTRUCTURAL | |
| 650 | 0 | |9 77 |a DESIGUALDAD SOCIAL | |
| 650 | 0 | |a DESIGUALDAD ECONOMICA |9 4894 | |
| 856 | |u http://www.socialismo-o-barbarie.org/?page_id=59 |y texto completo desde el sitio de la revista | ||
| 942 | |2 ddc |c LI | ||
